| 000 | 00350cam a22000977a 4500 | ||
|---|---|---|---|
| 008 | 180718b1976 xxu||||| |||| 00| 0 eng d | ||
| 245 |
_aIndian standard guide for preparation of abstracts _cby Indian Standrads Institution, India |
||
| 260 |
_aNew Delhi _bIndian Standrads Institution _c1976 |
||
| 300 | _a8p. | ||
| 700 | _aIndia. Indian Standrads Institution | ||
| 999 |
_c498210 _d498210 |
||